NFL All-Time Rec Yard Leaders - Statistics

General Stats
  • This quiz has been taken 26 times
  • The average score is 11 of 20
Answer Stats
Rank Team Yards Answer % Correct
#1 3TM 22,895 Jerry Rice
100%
#2 Arizona 17,492 Larry Fitzgerald
90%
#4 5TM 15,292 Randy Moss
90%
#9 Indianapolis 14,580 Marvin Harrison Sr.
81%
#7 2TM 14,943 Tim Brown
81%
#3 5TM 15,934 Terrell Owens
76%
#11 3TM 14,185 Andre Johnson
67%
#13 3TM 13,899 Cris Carter
67%
#16 4TM 13,703 Julio Jones
67%
#20 Seattle 13,089 Steve Largent
67%
#10 Indianapolis 14,345 Reggie Wayne
57%
#6 2TM 15,127 Tony Gonzalez
57%
#8 2TM 14,731 Steve Smith Sr.
48%
#19 5TM * 13,184 DeAndre Hopkins
43%
#18 2TM 13,198 Andre Reed
38%
#5 2TM 15,208 Isaac Bruce
38%
#14 4TM 13,779 Anquan Boldin
24%
#17 2TM 13,382 Torry Holt
24%
#12 5TM 14,004 James Lofton
19%
#15 3TM 13,777 Henry Ellard
5%
No matching quizzes found
Score Distribution
Percent of People with Each Score
Percentile by Number Answered
Your Score History
You have not taken this quiz